00652nam a2200169 a 450000100100000000500170001000800410002702000150006804000250008308200140010824501330012226000370025530000280029270000320032095201130035299900170046500003625620200930075631.0120111s1990 sp a 000 0 spa d a8486725240 aDO-SdBNPbspacBNPHU axxxbM29400aManual de urgencias para enfermería /cC. Bigotes García ...[et. al.] ; Grupo de trabajo en medicina de urgencia, Santander. aMadrid :bAran ediciones,c1990. a451 p. :bil. ;c24 cm.1 aGigotes García, C.962358 0010507-18MOaGRbGRcOId2012-01-11iLF1l0oxxx M294p36256-10r2020-06-25w2020-06-25y1ZNo se presta c35747d35747